000 00547nam a22001817a 4500
005 20251108164031.0
008 250721s1995 xx 000 0 ara d
082 1 4 _a415.11/عمر
100 1 _aعمر، أحمد مختار
_eمؤلف
245 1 0 _aمعاجم الأبنية في اللغة العربية /
264 1 _aالقاهرة :
_bعالم الكتب،
_c1995.
300 _a221ص.
650 1 7 _aاللغة العربية
650 1 7 _aقواعد اللغة
650 1 7 _aالأفعال (نحو)
942 _2ddc
_cBK
999 _c1925
_d1925